000 00465nam a2200181Ia 4500
003 OSt
005 20230522145005.0
008 210423s1997 xx 000 0 und d
040 _cAL
041 _aeng
082 _a158.7
_223
_bGHOI
100 _aGHOSH (P K);GHORPADE (M B).
_9110383
245 _aIndustrial psychology.
260 _aMumbai
_bHimalaya Publishing House
_c1997
365 _b450
_cINR
906 _aIndustrial ; psychology.
942 _2ddc
_cBK
999 _c172690
_d172690